Statystyki dla Postacie z serialu „Breaking Bad"

Kliknij tutaj aby rozwiązać quiz!

Ogólne statystyki

  • Ten quiz został rozwiązany 823 razy
  • Średni wynik to 10 z 17

Statystyki odpowiedzi

HintOdpowiedź% Poprawnych
Kochający mąż i ojciec. Strudzony swoim życiem, dowiaduje się, że cierpi na nowotwór.Walter White
100%
Młody narkoman i diler. Uwielbia używać słowa „Bi*ch"Jesse Pinkman
95%
Szwagier głównego bohatera. Agent DEA i amator piwa własnego wyrobu.Hank Schrader
91%
Prawnik bezprawia. Znany dzięki długiemu jęzorowi i barwnym garniturom.Saul Goodman
90%
Psychopata o niskim ilorazie inteligencji. Boss narkotykowy w Alberquerque.Tuco Salamanca
85%
Człowiek od wszystkiego. Jedyne czego chciał, to umrzeć w spokoju.Mike Ehrmantraut
74%
Żona głównego bohatera. Wkurzająca każdego wokół histeryczka.Skyler White
69%
Człowiek-korporacja. Bezduszny dżentelmen o ogromnym okrzesaniu i wyrachowaniu.Gustavo Fring
62%
Dziewczyna jednego z głównych bohaterów. Kończy nie mogąc przełknąć goryczy porażki.Jane Margolis
54%
Żona szwagra głównego bohatera. KleptomankaMarie Schrader
51%
Czarnoskóry ochroniarz o ponadprzeciętnej masie. Znany dzięki swojemu „Reasonably"Huell Babineaux
45%
Syn głównego bohatera. Cierpi na porażenie mózgowe i bardzo chętnie spożywa śniadania.Walter White Jr.
37%
Kryminalista powiązany z gangiem neonazistowskim. Psychopata o aparycji dzieciaka.Todd Alquist
33%
Narkoman. Pomagał jednemu z bohaterów robić metę na pustyni.Brandon Mayhew / Badger
32%
Pracowniczka i prawnik głównego antagonisty. Ginie po wypiciu herbatkiLydia Rodarte-Quayle
31%
Meksykański agent DEA. Partner szwagra głównego bohateraSteven Gomez
31%
Bliźniacy. Naczelni zabójcy kartelu narkotykowego.Kuzyni / Marco i Leonel Salamanca
18%

Rozkład punktacji

Percentyl według liczby udzielonych odpowiedzi

Procent ludzi z każdym wynikiem

Twoja historia wyników

Nie rozwiązałeś tego quizu